000 00446nam a2200181Ia 4500
001 23182
005 20260414150920.0
008 260414t2013||||xx |||||||||||||| ||spa||
041 _aESP
082 _a625.725
_bC28D
100 _aCárdenas Grisales, James
_eAUT
245 0 _aDiseño geométrico de carreteras
_b
260 _c2013
300 _axxiii, 501 páginas :
_c24 cm.
650 _a0
654 _aCIC
942 _cLIB
_dJUS
_fJUS
_2ddc
_n
999 _c23182
_d23182